[Event "Mondiale Lampo FIDE 2022"]
[Site "Alma Ata"]
[Date "29.12.2022"]
[Round "4.17"]
[White "Maghsoodloo, Parham"]
[Black "Savchenko, Boris"]
[Result "1/2-1/2"]
[WhiteTitle ""]
[BlackTitle ""]
[WhiteElo "2719"]
[BlackElo "2552"]
[WhiteFideId "12539929"]
[BlackFideId "4147332"]
[EventDate "29.12.2022"]

1. Nf3 c5 2. c4 Nc6 3. b3 e5 4. Bb2 d6 5. Nc3 g6 6. g3 Bg7 7. d3 Nge7 8. Bg2 O-O
9. O-O h6 10. a3 a5 11. Nd2 Bg4 12. h3 Be6 13. Nd5 f5 14. e3 Rb8 15. Qc2 Rf7 16.
f4 g5 17. Rae1 Ng6 18. Nf3 b5 19. Ba1 gxf4 20. exf4 Bxd5 21. cxd5 Nd4 22. Bxd4
cxd4 23. fxe5 dxe5 24. h4 Rc7 25. Qf2 Qd6 26. h5 Ne7 27. Nh4 Rf8 28. Bh3 Qxd5
29. Nxf5 Qxb3 30. Rxe5 Nxf5 31. Rxf5 Rcf7 32. Qe1 Rxf5 33. Bxf5 Kh8 34. Qxa5 Qc3
35. Qxb5 Qxa3 36. Qc6 Rf6 37. Qe4 Qf8 38. g4 Qb8 39. Kg2 Rf8 40. Qc6 Qa8 41.
Qxa8 Rxa8 42. Re1 Bf6 43. Re6 Kg7 44. Rd6 Rd8 45. Rc6 Re8 46. Be4 Re7 47. Kf3
Re8 48. Rd6 Re7 49. g5 Bxg5 50. Rxd4 Rf7+ 51. Ke2 Ra7 52. Rd6 Re7 53. Rg6+ Kf7
54. Kf3 Rd7 55. Kg4 Rd8 56. Kf5 Rf8 57. Bd5+ Ke7+ 58. Ke5 Bf4+ 59. Ke4 Bg5 60.
d4 Rf6 61. Ke5 Bf4+ 62. Ke4 Bg5 63. Rg8 Rf8 64. Rg7+ Kd6 65. Rg6+ Rf6 66. Bc4
Rxg6 67. hxg6 Bf6 68. d5 Bg7 69. Bb5 h5 70. Be8 h4 71. Bf7 h3 72. Kf3 h2 73. Kg2
Be5 74. Be6 Ke7 1/2-1/2

[Event "Mondiale Lampo FIDE 2022"]
[Site "Alma Ata"]
[Date "29.12.2022"]
[Round "4.18"]
[White "Kadric, Denis"]
[Black "Sanal, Vahap"]
[Result "1-0"]
[WhiteTitle ""]
[BlackTitle ""]
[WhiteElo "2584"]
[BlackElo "2597"]
[WhiteFideId "14403803"]
[BlackFideId "6300545"]
[EventDate "29.12.2022"]

1. e4 e5 2. Nf3 Nc6 3. Bc4 Bc5 4. O-O Nf6 5. d3 O-O 6. h3 h6 7. Re1 d6 8. c3 a5
9. d4 Bb6 10. Be3 exd4 11. cxd4 d5 12. exd5 Nxd5 13. Bxd5 Qxd5 14. Nc3 Qd8 15.
d5 Bxe3 16. fxe3 Ne7 17. e4 Ng6 18. e5 c6 19. d6 Be6 20. Qd4 b6 21. Rad1 Rb8 22.
Qe4 Qd7 23. Nd4 Rbc8 24. Nxe6 Qxe6 25. d7 Rcd8 26. Rd6 Qe7 27. Rxg6 fxg6 28. e6
Kh7 29. Qxc6 Rf5 30. Qe4 b5 31. Kh1 Rxd7 32. exd7 Qxd7 33. Qe2 b4 34. Ne4 Qd4
35. Kh2 a4 36. b3 a3 37. Qd2 Qb6 38. Qd6 Qa7 39. Qxb4 Qc7+ 40. Qd6 Qc2 41. Qd2
Qc6 42. Ng3 Rc5 43. Re2 Rc1 44. b4 Rb1 45. Qe3 Qf6 46. Qxa3 Qa1 47. Qe3 Rxb4 48.
Rf2 Qd1 49. Qd2 Qa4 50. Nf1 Rd4 51. Qc2 Qa5 52. Ng3 Qe5 53. Qe2 Qd6 54. Qe3 h5
55. Kg1 Rd3 56. Ne4 Qd5 57. Ng5+ Kh6 58. Nf7+ Kh7 59. Ng5+ Kh6 60. Nf7+ Kh7 61.
Qe2 Rc3 62. Qe8 g5 63. Ne5 Qd1+ 64. Kh2 1-0

[Event "Mondiale Lampo FIDE 2022"]
[Site "Alma Ata"]
[Date "29.12.2022"]
[Round "4.19"]
[White "Munkhgal, Gombosuren"]
[Black "Sadhwani, Raunak"]
[Result "0-1"]
[WhiteTitle ""]
[BlackTitle ""]
[WhiteElo "2463"]
[BlackElo "2627"]
[WhiteFideId "4901266"]
[BlackFideId "35093487"]
[EventDate "29.12.2022"]

1. d4 Nf6 2. Bf4 d5 3. e3 c5 4. dxc5 e6 5. b4 a5 6. c3 Be7 7. Nd2 O-O 8. Ngf3
axb4 9. cxb4 b6 10. cxb6 Bxb4 11. Qb3 Qxb6 12. Rb1 Nc6 13. a3 Bxd2+ 14. Nxd2 Qa5
15. Qb5 Qc3 16. Qb2 Qxb2 17. Rxb2 Rxa3 18. Bb5 Ra1+ 19. Rb1 Rxb1+ 20. Nxb1 Bd7
21. O-O Na5 22. Bd3 Nb3 23. Nc3 Rc8 24. Ne2 Nc5 25. Bb1 Bb5 26. Re1 Bxe2 27.
Rxe2 Nd3 28. Bc2 Nb4 29. Bd1 Rc1 30. Re1 Ne4 31. f3 Nc3 32. e4 Rxd1 33. Rxd1
Nxd1 0-1

[Event "Mondiale Lampo FIDE 2022"]
[Site "Alma Ata"]
[Date "29.12.2022"]
[Round "4.20"]
[White "Rapport, Richard"]
[Black "Paravyan, David"]
[Result "1-0"]
[WhiteTitle ""]
[BlackTitle ""]
[WhiteElo "2740"]
[BlackElo "2586"]
[WhiteFideId "738590"]
[BlackFideId "4194985"]
[EventDate "29.12.2022"]

1. e4 e5 2. Nf3 Nf6 3. d3 Nc6 4. g3 d5 5. exd5 Nxd5 6. Bg2 Bd6 7. O-O O-O 8. a3
Nf6 9. Nc3 h6 10. Re1 Re8 11. b4 a6 12. Bb2 Bf5 13. h3 Bh7 14. Nh2 Rb8 15. Ng4
Nxg4 16. hxg4 a5 17. b5 Nd4 18. Rb1 c6 19. bxc6 bxc6 20. Ne4 Bf8 21. a4 c5 22.
c3 Ne6 23. c4 Nd4 24. Bxd4 Qxd4 25. Rb5 Rbd8 26. Rxa5 Qxd3 27. Qxd3 Rxd3 28.
Nxc5 Ra3 29. Bd5 Bxc5 30. Rxc5 Rxa4 31. Bc6 Rc8 32. Rcxe5 1-0

[Event "Mondiale Lampo FIDE 2022"]
[Site "Alma Ata"]
[Date "29.12.2022"]
[Round "4.21"]
[White "Hovhannisyan, Robert"]
[Black "Asadli, Vugar"]
[Result "1/2-1/2"]
[WhiteTitle ""]
[BlackTitle ""]
[WhiteElo "2597"]
[BlackElo "2567"]
[WhiteFideId "13302507"]
[BlackFideId "13405764"]
[EventDate "29.12.2022"]

1. e4 c5 2. Nf3 e6 3. d4 cxd4 4. Nxd4 Nf6 5. Nc3 Nc6 6. Be2 Bb4 7. O-O Bxc3 8.
bxc3 Nxe4 9. Nxc6 dxc6 10. Qxd8+ Kxd8 11. Bf3 Nf6 12. Rd1+ Bd7 13. Bf4 Nd5 14.
Bg3 b5 15. a4 Ke7 16. axb5 cxb5 17. Bxd5 exd5 18. Rxd5 Rhc8 19. Re1+ Be6 20.
Rxb5 Rxc3 21. Be5 Rxc2 22. Bxg7 Rac8 23. h4 Rc1 24. Rxc1 Rxc1+ 25. Kh2 a6 26.
Rb7+ Kd8 27. Bd4 Kc8 28. Rb6 Rc4 29. Bf6 Rf4 30. Bg5 Rxf2 31. Rxa6 Bd5 32. Rd6
Be4 33. Rd8+ Kc7 34. Rd4 f5 35. Kg3 Rxg2+ 36. Kf4 Rc2 37. Ke5 Rc6 38. Bd8+ Kc8
39. Bg5 Kc7 40. Bd8+ Kc8 41. Bg5 1/2-1/2

[Event "Mondiale Lampo FIDE 2022"]
[Site "Alma Ata"]
[Date "29.12.2022"]
[Round "4.22"]
[White "Bluebaum, Matthias"]
[Black "Sychev, Klementy"]
[Result "1-0"]
[WhiteTitle ""]
[BlackTitle ""]
[WhiteElo "2657"]
[BlackElo "2556"]
[WhiteFideId "24651516"]
[BlackFideId "4114060"]
[EventDate "29.12.2022"]

1. d4 d5 2. c4 dxc4 3. e4 e5 4. Nf3 Bb4+ 5. Bd2 Bxd2+ 6. Qxd2 exd4 7. Nxd4 Nf6
8. Nc3 O-O 9. O-O-O c5 10. Ndb5 Nc6 11. Qxd8 Rxd8 12. Rxd8+ Nxd8 13. Bxc4 Be6
14. Nc7 Rc8 15. Nxe6 Nxe6 16. Bxe6 fxe6 17. Rd1 Kf8 18. e5 Ng4 19. Rd7 Nxe5 20.
Rxb7 a6 21. Ne4 Rc6 22. Kc2 c4 23. Kc3 Nd3 24. a4 Nf4 25. g3 Ne2+ 26. Kb4 Nc1
27. a5 Nd3+ 28. Kc3 Nc5 29. Nxc5 Rxc5 30. Kb4 Rh5 31. h4 Rf5 32. f4 e5 33. fxe5
Rxe5 34. Rb6 Re3 35. Kxc4 Rxg3 36. Rxa6 Rg4+ 37. Kc5 Rxh4 38. Ra8+ Ke7 39. a6
Ra4 40. b4 g5 41. b5 g4 42. b6 g3 43. b7 1-0

[Event "Mondiale Lampo FIDE 2022"]
[Site "Alma Ata"]
[Date "29.12.2022"]
[Round "4.23"]
[White "Najer, Evgeniy"]
[Black "Salem, A.R. Saleh"]
[Result "1-0"]
[WhiteTitle ""]
[BlackTitle ""]
[WhiteElo "2662"]
[BlackElo "2677"]
[WhiteFideId "4118987"]
[BlackFideId "9301348"]
[EventDate "29.12.2022"]

1. e4 e5 2. Nf3 Nc6 3. Bb5 a6 4. Ba4 Nf6 5. O-O Be7 6. Re1 b5 7. Bb3 O-O 8. a4
Bb7 9. d3 d6 10. Nbd2 Na5 11. Ba2 c5 12. Nf1 bxa4 13. Ng3 Bc6 14. Nf5 Bd7 15. h3
Rb8 16. Nh2 Bxf5 17. exf5 Nc6 18. c3 a3 19. bxa3 d5 20. Ng4 Qd6 21. Qf3 Rfd8 22.
Qg3 Nxg4 23. hxg4 Re8 24. g5 Bf8 25. Qf3 Red8 26. g3 Na5 27. Kg2 Nb3 28. Rb1 c4
29. dxc4 dxc4 30. Be3 Qd5 31. a4 g6 32. fxg6 hxg6 33. Rbd1 Qxf3+ 34. Kxf3 Ba3
35. Rxd8+ Rxd8 36. Rb1 Rb8 37. Ke4 Bf8 38. Kd5 e4 39. Kxc4 Na5+ 40. Kd5 Rc8 41.
Bd4 e3 42. fxe3 Bg7 43. Rb6 Bxd4 44. cxd4 Rc2 45. Rxa6 Nb7 46. Bb1 Rb2 47. Be4
Rb3 48. Ke5 Rxe3 49. Ra7 Nd6 50. Kxd6 Rxe4 51. d5 Rg4 52. a5 Rxg5 53. a6 Rxg3
54. Rb7 Ra3 55. a7 Kg7 56. Kc7 g5 57. d6 Rc3+ 58. Kb8 1-0

[Event "Mondiale Lampo FIDE 2022"]
[Site "Alma Ata"]
[Date "29.12.2022"]
[Round "4.24"]
[White "Niemann, Hans Moke"]
[Black "Petrosyan, Manuel"]
[Result "0-1"]
[WhiteTitle ""]
[BlackTitle ""]
[WhiteElo "2698"]
[BlackElo "2621"]
[WhiteFideId "2093596"]
[BlackFideId "13300857"]
[EventDate "29.12.2022"]

1. d4 Nf6 2. c4 e6 3. Nc3 Bb4 4. e3 d5 5. a3 Bxc3+ 6. bxc3 c6 7. Bd3 b6 8. Ne2
Ba6 9. cxd5 Bxd3 10. Qxd3 cxd5 11. O-O Qc8 12. a4 O-O 13. Ba3 Re8 14. Rfc1 Qa6
15. Qb5 Rc8 16. Bd6 Ne4 17. Bf4 Qxb5 18. axb5 a5 19. bxa6 Rxa6 20. Rxa6 Nxa6 21.
f3 Nd2 22. Ra1 Ra8 23. e4 Nc4 24. exd5 exd5 25. Bg3 g5 26. Nc1 Nc7 27. Rxa8+
Nxa8 28. Nd3 b5 29. h4 h6 30. hxg5 hxg5 31. Nb4 Nab6 32. Bc7 f6 33. Kf2 Kf7 34.
Bd8 Ke6 35. Ke2 Na4 36. Kd3 Ncb2+ 37. Kc2 Nc4 38. g4 Ne3+ 39. Kd3 Ng2 40. Na2
Nb2+ 41. Ke2 Nf4+ 42. Kf2 Nd1+ 43. Ke1 Ne3 44. Bc7 Ng6 45. Ke2 Nc4 46. Nb4 Ne7
47. Nd3 Nc6 48. Nc5+ Ke7 49. Nd3 Ke6 50. Bg3 Ke7 51. Bf2 Ke6 52. f4 Nd6 53. f5+
Ke7 54. Nc5 Nc4 55. Kd3 b4 56. cxb4 Nxb4+ 57. Kc3 Nc6 58. Nd3 Nd6 59. Be3 Nb5+
60. Kd2 Nbxd4 61. Nf2 Nf3+ 62. Ke2 Nfe5 63. Bc5+ Kd7 64. Ke3 Nc4+ 65. Kd3 Nd6
66. Ke3 Ne5 67. Bd4 Kc6 68. Ke2 Ndc4 69. Kd1 Kd6 70. Ke2 Na5 71. Bc3 Nac6 72.
Ke3 Nc4+ 73. Kd3 N6e5+ 74. Kd4 Nb6 75. Bb4+ Kd7 76. Bc5 Nc6+ 77. Kd3 Nc4 78. Bf8
N4e5+ 79. Ke3 Na5 80. Kd4 Kc6 81. Be7 Nd7 82. Nd3 Nb3+ 83. Kc3 Nbc5 84. Nb4+ Kb5
85. Nxd5 Ne5 86. Nxf6 Kc6 87. Kd4 Nf3+ 88. Ke3 Ne5 89. Bxc5 Kxc5 90. Ke4 Nf7 91.
Ne8 Kc6 92. Nf6 Kd6 93. Nd5 Nh6 94. Ne3 Ng8 95. Nd5 Nh6 96. Nf6 Ke7 97. Nd5+ Kd6
98. Ne3 Ng8 99. Nc4+ Kc5 100. Ke5 Kxc4 101. f6 Nh6 102. Ke4 Kc3 103. Kd5 Kd3
104. Ke6 Ke4 105. f7 Nxf7 106. Kxf7 Kf4 0-1

[Event "Mondiale Lampo FIDE 2022"]
[Site "Alma Ata"]
[Date "29.12.2022"]
[Round "4.25"]
[White "Pantsulaia, Levan"]
[Black "Petrosian, Tigran L."]
[Result "0-1"]
[WhiteTitle ""]
[BlackTitle ""]
[WhiteElo "2597"]
[BlackElo "2551"]
[WhiteFideId "13602071"]
[BlackFideId "13301616"]
[EventDate "29.12.2022"]

1. Nf3 d6 2. c4 e5 3. Nc3 Be7 4. g3 c6 5. Bg2 Nf6 6. O-O O-O 7. d3 h6 8. Rb1 Be6
9. b4 Nbd7 10. e4 d5 11. exd5 cxd5 12. Nd2 d4 13. Nce4 Nh7 14. Nc5 Bxc5 15. bxc5
Nxc5 16. Ba3 Rc8 17. Bxb7 Rc7 18. Bg2 Re8 19. Bxc5 Rxc5 20. Nb3 Rc8 21. Qd2 Bd7
22. Rfe1 Bc6 23. Qa5 Qf6 24. Bxc6 Qxc6 25. h4 Qf6 26. Nd2 Qf5 27. Ne4 Nf6 28.
Nxf6+ gxf6 29. Rb3 Rb8 30. Qd2 Kg7 31. Qe2 Rxb3 32. axb3 Rb8 33. Rb1 a5 34. Kg2
Rb4 35. Rb2 Qd7 36. Ra2 Rxb3 37. Rxa5 Qb7+ 38. Qe4 Qxe4+ 39. dxe4 Rc3 40. Rc5 h5
41. Rc6 Kg6 42. c5 Rc1 43. Kf3 Rc2 44. Rc8 f5 45. exf5+ Kxf5 46. Rh8 e4+ 47. Kg2
e3 48. Rxh5+ Ke4 49. c6 Rxf2+ 0-1

[Event "Mondiale Lampo FIDE 2022"]
[Site "Alma Ata"]
[Date "29.12.2022"]
[Round "4.26"]
[White "Tabatabaei, M. Amin"]
[Black "Andriasian, Zaven"]
[Result "1-0"]
[WhiteTitle ""]
[BlackTitle ""]
[WhiteElo "2660"]
[BlackElo "2580"]
[WhiteFideId "12521213"]
[BlackFideId "13302000"]
[EventDate "29.12.2022"]

1. d4 Nf6 2. c4 g6 3. g3 Bg7 4. Bg2 O-O 5. Nc3 d6 6. Nf3 Nbd7 7. O-O e5 8. e4 a6
9. Re1 Re8 10. d5 Rf8 11. Bg5 h6 12. Be3 Ng4 13. Bd2 c5 14. a3 Qe8 15. h3 Ngf6
16. b4 b6 17. Rb1 Nh7 18. Qc1 h5 19. Qc2 f5 20. exf5 gxf5 21. Nh4 Qf7 22. bxc5
bxc5 23. Qa4 Qf6 24. Qc6 Rb8 25. Qc7 Rxb1 26. Rxb1 e4 27. Ne2 Ne5 28. Bc3 Ng5
29. Rb8 Qd8 30. Qxd8 Rxd8 31. Nxf5 Bf6 32. Nxd6 Rxd6 33. Rxc8+ Kg7 34. Bxe5 Bxe5
35. h4 Nf3+ 36. Bxf3 exf3 37. Nf4 Rb6 38. Rc6 Rb1+ 39. Kh2 Bd4 40. Ne6+ Kf7 41.
Ng5+ Ke7 42. Re6+ Kd7 43. Nxf3 Bxf2 44. Ne5+ Kd8 45. d6 Bg1+ 46. Kg2 Bd4 47.
Nf7+ Kd7 48. Re7+ Kc6 49. d7 Rb2+ 50. Kf1 1-0

[Event "Mondiale Lampo FIDE 2022"]
[Site "Alma Ata"]
[Date "29.12.2022"]
[Round "4.27"]
[White "Saraci, Nderim"]
[Black "Cheparinov, Ivan"]
[Result "0-1"]
[WhiteTitle ""]
[BlackTitle ""]
[WhiteElo "2468"]
[BlackElo "2688"]
[WhiteFideId "6351921"]
[BlackFideId "2905540"]
[EventDate "29.12.2022"]

1. b3 e5 2. Bb2 Nc6 3. e3 Nf6 4. Nf3 e4 5. Ne5 Nxe5 6. Bxe5 d6 7. Bb2 d5 8. c4
Be7 9. cxd5 Qxd5 10. Nc3 Qg5 11. Nb5 O-O 12. Nxc7 Bg4 13. Qb1 Rad8 14. Nb5 Rfe8
15. Nc7 Bb4 16. Bc1 Qa5 17. f3 Bxd2+ 18. Kf2 Qxc7 0-1

[Event "Mondiale Lampo FIDE 2022"]
[Site "Alma Ata"]
[Date "29.12.2022"]
[Round "4.28"]
[White "Esipenko, Andrey"]
[Black "Petrov, Nikita"]
[Result "0-1"]
[WhiteTitle ""]
[BlackTitle ""]
[WhiteElo "2678"]
[BlackElo "2537"]
[WhiteFideId "24175439"]
[BlackFideId "4101286"]
[EventDate "29.12.2022"]

1. Nf3 Nf6 2. g3 b6 3. Bg2 Bb7 4. O-O g6 5. d3 Bg7 6. e4 d6 7. Nh4 Nfd7 8. d4 e5
9. d5 O-O 10. c4 a5 11. Nc3 Nc5 12. Be3 Nbd7 13. Qc2 Nf6 14. a3 Ng4 15. Bd2 a4
16. h3 Nf6 17. Be3 Nfd7 18. Rae1 Re8 19. Nf3 Ra5 20. Nd2 Ba6 21. h4 h5 22. f3
Qb8 23. Rf2 b5 24. cxb5 Bxb5 25. Nxb5 Qxb5 26. Bf1 Qb7 27. Nb1 Raa8 28. Nc3 Ra5
29. Na2 Nb3 30. Qc6 Qc8 31. Bb5 Rd8 32. Nb4 Ndc5 33. Bc4 Nd4 34. Bxd4 exd4 35.
f4 Qg4 36. Kg2 d3 37. Nxd3 Nxd3 38. Bxd3 Bd4 39. Qxc7 Raa8 40. Rc2 Rdb8 41. Qxd6
Rb3 42. Rd2 Rab8 43. Ree2 Kg7 44. Bc4 Rxg3+ 0-1

[Event "Mondiale Lampo FIDE 2022"]
[Site "Alma Ata"]
[Date "29.12.2022"]
[Round "4.29"]
[White "Indjic, Aleksandar"]
[Black "Ganguly, Surya Shekhar"]
[Result "0-1"]
[WhiteTitle ""]
[BlackTitle ""]
[WhiteElo "2636"]
[BlackElo "2582"]
[WhiteFideId "911925"]
[BlackFideId "5002150"]
[EventDate "29.12.2022"]

1. c4 e6 2. Nf3 d5 3. b3 Nf6 4. Bb2 b6 5. g3 Bb7 6. Bg2 Nbd7 7. O-O Bd6 8. e3
Qe7 9. Nc3 a6 10. cxd5 exd5 11. Ne2 c5 12. Rc1 O-O 13. d4 a5 14. dxc5 bxc5 15.
Nc3 Rad8 16. Re1 Ne5 17. Nh4 Qe6 18. Na4 Rc8 19. Nf3 Nxf3+ 20. Qxf3 Ne4 21. Qe2
f5 22. Red1 Rfd8 23. f3 Ng5 24. Qd2 Be7 25. h4 Nf7 26. Kf2 Qg6 27. Bh3 d4 28.
exd4 Ne5 29. Qe3 f4 30. Qxf4 Rf8 31. dxe5 Rxf4 32. gxf4 Bxh4+ 33. Ke3 Qg3 34.
Be6+ Kh8 35. Bxc8 Qxf3+ 36. Kd2 Bxc8 37. Nxc5 Bf5 0-1

[Event "Mondiale Lampo FIDE 2022"]
[Site "Alma Ata"]
[Date "29.12.2022"]
[Round "4.30"]
[White "Makhnev, Denis"]
[Black "Predke, Alexandr"]
[Result "0-1"]
[WhiteTitle ""]
[BlackTitle ""]
[WhiteElo "2481"]
[BlackElo "2684"]
[WhiteFideId "13707647"]
[BlackFideId "24107581"]
[EventDate "29.12.2022"]

1. d4 d5 2. Nf3 Nf6 3. c4 e6 4. g3 Be7 5. Bg2 O-O 6. O-O a5 7. Qc2 Nc6 8. a3 a4
9. Bg5 h6 10. Bxf6 Bxf6 11. cxd5 exd5 12. e3 Bd7 13. Nc3 Ne7 14. Rac1 Bf5 15.
Qd1 Qd7 16. Ne5 Bxe5 17. dxe5 Rfd8 18. e4 dxe4 19. Nxe4 Qe6 20. Qf3 Bxe4 21.
Qxe4 c6 22. Rfd1 Qb3 23. Qe2 Nf5 24. Be4 Nd4 25. Qd3 Qxd3 26. Bxd3 Nf3+ 27. Kg2
Nxe5 28. Be2 Kf8 29. f4 Ng6 30. Kf3 Ne7 31. Rc4 b5 32. Rcc1 Rxd1 33. Rxd1 Ke8
34. Bd3 Rd8 35. Ke2 f5 36. Rc1 Kf7 37. Rc5 Kf6 38. h3 h5 39. Bc2 g6 40. Ke3 Rd6
41. Ke2 Nd5 42. Bd3 Nb6 43. Ke3 Nd7 44. Rc1 Nf8 45. Be2 Ne6 46. Bf3 Nd4 47. Bg2
Ke6 48. Rc5 Kd7 49. Rc3 Ne6 50. Rc1 c5 51. g4 hxg4 52. hxg4 Rd4 53. gxf5 gxf5
54. Bf1 Kc6 55. Bg2+ Kb6 56. Rh1 Nxf4 57. Rh6+ Ka7 58. Rh7+ Kb6 59. Rh6+ Ka5 60.
Bb7 Nd5+ 61. Ke2 Nb6 62. Rf6 b4 63. Rxf5 Kb5 64. axb4 Rxb4 65. Kd3 Rxb2 66. Kc3
Rb4 67. Rf6 a3 68. Bc6+ Ka5 69. Rf7 Na4+ 70. Bxa4 Rxa4 71. Kb3 Kb5 72. Rb7+ Kc6
73. Rf7 a2 0-1

[Event "Mondiale Lampo FIDE 2022"]
[Site "Alma Ata"]
[Date "29.12.2022"]
[Round "4.31"]
[White "Ivic, Velimir"]
[Black "Bologan, Victor"]
[Result "1-0"]
[WhiteTitle ""]
[BlackTitle ""]
[WhiteElo "2572"]
[BlackElo "2574"]
[WhiteFideId "950122"]
[BlackFideId "13900048"]
[EventDate "29.12.2022"]

1. e4 c6 2. d4 d5 3. Nd2 g6 4. Ngf3 Bg7 5. c3 Nh6 6. Bd3 f6 7. O-O O-O 8. Re1
Nf7 9. c4 e6 10. b4 a5 11. bxa5 Rxa5 12. a4 Re8 13. Bb2 Ra8 14. Qb3 Na6 15. exd5
exd5 16. Rxe8+ Qxe8 17. cxd5 cxd5 18. Qxd5 Nb4 19. Qb5 Qxb5 20. Bxb5 Nd6 21. Be2
Be6 1-0

[Event "Mondiale Lampo FIDE 2022"]
[Site "Alma Ata"]
[Date "29.12.2022"]
[Round "4.32"]
[White "Fedorov, Alexei"]
[Black "Shankland, Sam"]
[Result "0-1"]
[WhiteTitle ""]
[BlackTitle ""]
[WhiteElo "2475"]
[BlackElo "2710"]
[WhiteFideId "13500465"]
[BlackFideId "2004887"]
[EventDate "29.12.2022"]

1. e4 c5 2. d3 Nc6 3. g3 g6 4. Bg2 Bg7 5. f4 e6 6. Nf3 Nge7 7. O-O O-O 8. c3 b6
9. Be3 Bb7 10. Bf2 d6 11. d4 Qc7 12. Na3 Rad8 13. Rc1 h6 14. Re1 Rfe8 15. Nb5
Qb8 16. a4 a6 17. Na3 Ba8 18. h4 b5 19. axb5 axb5 20. h5 b4 21. Nc2 bxc3 22.
bxc3 Qb3 23. hxg6 fxg6 24. Qd2 Na5 25. Bh3 Nec6 26. Nh4 Kh7 27. Qe2 Qxc3 28. Qg4
Ne7 29. Qxe6 Nb3 30. f5 Nxc1 31. f6 Ng8 32. Qf7 Nxf6 33. Qxg6+ Kh8 34. Nf5 Rd7
35. Nxg7 Rxg7 36. Qxh6+ Nh7 37. Re3 Qxc2 38. Bf5 Rf8 39. Rf3 Qd1+ 40. Kg2 Qxf3+
41. Kxf3 Rxf5+ 42. Ke3 Rf6 43. Qh5 cxd4+ 44. Kxd4 Nb3+ 45. Kc3 Nc5 46. Bxc5 dxc5
47. e5 Rfg6 48. e6 Rxe6 49. Qxc5 Rc6 50. Kd4 0-1

[Event "Mondiale Lampo FIDE 2022"]
[Site "Alma Ata"]
[Date "29.12.2022"]
[Round "4.33"]
[White "Yoo, Christopher Woojin"]
[Black "Muradli, Mahammad"]
[Result "1-0"]
[WhiteTitle ""]
[BlackTitle ""]
[WhiteElo "2575"]
[BlackElo "2540"]
[WhiteFideId "30909694"]
[BlackFideId "13409301"]
[EventDate "29.12.2022"]

1. e4 c5 2. Nf3 d6 3. d4 cxd4 4. Nxd4 Nf6 5. Nc3 a6 6. Rg1 h5 7. Bg5 Nc6 8. Qd2
Bd7 9. O-O-O Rc8 10. f4 Qa5 11. Nb3 Qb6 12. Be2 e6 13. e5 Nh7 14. exd6 Nxg5 15.
fxg5 g6 16. Na4 Qb4 17. Nac5 Bg7 18. c3 Qb6 19. Nxd7 Kxd7 20. Rgf1 Rhf8 21. Kb1
Ne5 22. Rf4 Rc6 23. Rb4 Qa7 24. Na5 b5 25. Nxc6 Nxc6 26. Re4 Qc5 27. h4 Ne5 28.
Qe3 Rc8 29. Qxc5 Rxc5 30. a4 Nc6 31. axb5 axb5 32. Rf4 Nd8 33. Rb4 Kc6 34. d7
Be5 35. c4 bxc4 36. Rxc4 Rxc4 37. Bxc4 Bg3 38. Rd4 Kc5 39. Re4 Kc6 40. b4 Kxd7
41. Bb5+ Kc7 42. Rd4 Nb7 43. Rd7+ Kb6 44. Bd3 Nd6 45. b5 Kc5 46. Rc7+ Kb6 47.
Rc6+ Kb7 48. Kc2 Nc8 49. Be4 Kb8 50. b6 Bf2 51. b7 Kxb7 52. Rxe6+ Kc7 53. Rf6
Bxh4 54. Rxf7+ Kd6 55. Bxg6 Bxg5 56. Bxh5 Ne7 57. Kd3 Ke5 58. Bf3 Bf6 59. Rh7
Nf5 60. Be4 Nd6 61. Bc6 Nf5 62. Rh3 Nd4 63. Be4 Ne6 64. Rh5+ Kd6 65. g3 Be5 66.
Rh6 Ke7 67. Bf5 Ng7 68. g4 Bf4 69. Ra6 Kf7 70. Ke4 Bc1 71. Bg6+ Ke7 72. Rc6 Bb2
73. g5 Ne6 74. Rc2 Nxg5+ 75. Kf5 Bf6 76. Re2+ 1-0

[Event "Mondiale Lampo FIDE 2022"]
[Site "Alma Ata"]
[Date "29.12.2022"]
[Round "4.34"]
[White "Kazakov, Konstantin"]
[Black "Sargsyan, Shant"]
[Result "0-1"]
[WhiteTitle ""]
[BlackTitle ""]
[WhiteElo "2385"]
[BlackElo "2645"]
[WhiteFideId "13700898"]
[BlackFideId "13306766"]
[EventDate "29.12.2022"]

1. e4 e5 2. Nf3 Nc6 3. Nc3 Nf6 4. d4 Bb4 5. dxe5 Nxe4 6. Qd3 d5 7. exd6 Nxc3 8.
bxc3 Bxd6 9. Be2 O-O 10. O-O h6 11. Rb1 Re8 12. Be3 b6 13. Qc4 Bb7 14. Rfd1 Qf6
15. Qg4 Qxc3 16. Bd3 Ne5 17. Nxe5 Qxe5 18. g3 Qe6 19. Qh5 Be4 20. a4 Bxd3 21.
Rxd3 Qg6 22. Qb5 Qe4 23. Rbd1 Re5 24. Qb3 Rae8 25. Bf4 Rf5 26. Bxd6 cxd6 27. Re3
Qa8 28. Rxd6 Rxe3 29. Qxe3 Qf3 30. Rd8+ Kh7 31. Qxf3 Rxf3 32. Rd7 a5 33. Rb7 Rf6
34. Kg2 Kg6 35. f4 Rc6 36. Kf3 f6 37. h4 h5 38. Ke3 Rxc2 39. Rxb6 Rc4 40. f5+
Kxf5 41. Rb5+ Kg4 42. Rxa5 Kxg3 43. Rxh5 Rxa4 44. Rh7 Rg4 45. h5 f5 46. h6 gxh6
47. Rxh6 Re4+ 48. Kd2 f4 49. Rg6+ Kf3 50. Rh6 Re8 51. Rh3+ Kg2 52. Rh7 f3 53.
Rg7+ Kf1 54. Rg6 f2 55. Rg7 Rd8+ 56. Kc2 Rd5 57. Rg8 Ke2 0-1

[Event "Mondiale Lampo FIDE 2022"]
[Site "Alma Ata"]
[Date "29.12.2022"]
[Round "4.35"]
[White "Bilguun, Sumiya"]
[Black "Yudin, Sergei"]
[Result "0-1"]
[WhiteTitle ""]
[BlackTitle ""]
[WhiteElo "2474"]
[BlackElo "2469"]
[WhiteFideId "4901541"]
[BlackFideId "4159659"]
[EventDate "29.12.2022"]

1. e4 d6 2. d4 Nf6 3. Nc3 e5 4. Nf3 Nbd7 5. Bc4 Be7 6. O-O O-O 7. Re1 c6 8. a4
exd4 9. Nxd4 Ne5 10. Bb3 Re8 11. h3 Ng6 12. a5 Qc7 13. Nf3 h6 14. Be3 Bf8 15.
Bd4 Ne5 16. Nxe5 dxe5 17. Be3 Bb4 18. Qf3 Nh7 19. Ra4 Bf8 20. Bb6 Qe7 21. Bc5
Ng5 22. Bxe7 Nxf3+ 23. gxf3 Bxe7 24. Kg2 Rd8 25. Rd1 Bd7 26. Rd3 Be8 27. Bc4 Kf8
28. Nd1 b5 29. axb6 axb6 30. Rxa8 Rxa8 31. Ne3 b5 32. Bb3 h5 33. Nf5 g6 34. Nxe7
Kxe7 35. h4 Ra1 36. Rd2 f6 37. c3 Rb1 38. Ba2 Rc1 39. Bb3 g5 40. Rd1 Rxd1 41.
Bxd1 Bd7 42. Kg3 Kf7 43. b4 Kg6 44. Bb3 f5 45. exf5+ Bxf5 46. Ba2 Kf6 47. Bb3
Bd3 48. Ba2 Be2 49. hxg5+ Kxg5 50. Be6 h4+ 51. Kg2 Kf4 52. Bd7 Bxf3+ 53. Kh3 Kg5
54. Be8 Bd5 55. Bd7 Kf4 56. Kxh4 Kf3 57. Kg5 Kxf2 58. Kf5 e4 59. Ke5 e3 60. Bg4
Bf3 61. Kd4 0-1